Uskladňovanie hospodárskych hnojív

Bibliographic Details
Main Authors: Gáborík, Štefan (Author), Slovík, Marek (Author), Ďurkovský, Peter, 1967- (Author)
Format: Article
Language:Slovak
PhysicalDescription:Fotogr., tab.
ISSN:1335-2466
Subjects:

MARC

LEADER 00000nab a2200000 a 4500
001 vtls008994147
003 SK-MaSNL
005 20260304144913.0
008 250505c2007 xo |||||||||||000 b|slo
015 |a SNBRB2007/05  |2 snkbucl 
035 |a (uuid)5cf2b144-6863-4ee9-abbd-ec60c2127228 
035 |a urn:nbn:sk:snk-ab10bk 
035 |a (urnnbn)urn:nbn:sk:snk:ar-a04kty 
038 |a SNKBUCL 
040 |a SNKBUCL  |b slo  |c SNKBUCL  |e AACR2 
041 0 |a slo 
044 |a xo  |c SK 
080 |a 631.248  |2 1997 
080 |a 631.86  |2 1997 
100 1 |a Gáborík, Štefan  |4 aut  |9 698115 
245 1 0 |a Uskladňovanie hospodárskych hnojív  |c Štefan Gáborík, Marek Slovík, Peter Ďurkovský 
300 |b Fotogr., tab. 
650 0 7 |a organické hnojivá  |2 snkbucl  |9 72800 
650 0 7 |a skladovanie  |2 snkbucl  |9 14941 
650 0 7 |a skladovacie zariadenia  |2 snkbucl  |9 1329596 
650 0 7 |a hnojiská  |2 snkbucl  |9 343679 
700 1 |a Slovík, Marek  |4 aut  |9 543345 
700 1 |a Ďurkovský, Peter,  |d 1967-  |4 aut  |9 104524 
773 0 |t Naše pole  |g Roč. XI, č. 3 (2007), s. 20-21  |x 1335-2466 
850 |a Slovenská národná knižnica 
852 |a Slovenská národná knižnica 
954 |a odborná, vedecká literatúra pôvodná (slovenská)  |2 lita 
958 |a article27 
958 |a OND 
958 |a EUIPO 
999 |c 2933853  |d 2935783